NLSUI OPAC header image

Contesting cultural authority : the socio-political and legal landscape of “free expression” in the cinematic depiction of historical myths (Record no. 217677)

MARC details
000 -LEADER
fixed length control field 00581nam a2200133Ia 4500
005 - DATE AND TIME OF LATEST TRANSACTION
control field 20260209120150.0
008 - FIXED-LENGTH DATA ELEMENTS--GENERAL INFORMATION
fixed length control field 260209s9999||||xx |||||||||||||| ||und||
100 ## - MAIN ENTRY--PERSONAL NAME
Personal name Kulkarni Maitreyi Umesh
245 #0 - TITLE STATEMENT
Title Contesting cultural authority : the socio-political and legal landscape of “free expression” in the cinematic depiction of historical myths
260 ## - PUBLICATION, DISTRIBUTION, ETC.
Place of publication, distribution, etc. BangaloreBangalore
Name of publisher, distributor, etc. NLSIU, Bangalore
Date of publication, distribution, etc. 2023 - 2024
300 ## - PHYSICAL DESCRIPTION
Extent 34 p. ; 25 cm.
700 ## - ADDED ENTRY--PERSONAL NAME
Personal name Dr. Anwesha Ghosh - Supervisor Dr. Anwesha Ghosh - Supervisor
856 ## - ELECTRONIC LOCATION AND ACCESS
Uniform Resource Identifier <a href="https://dans.nls.ac.in/handle/123456789/2113">https://dans.nls.ac.in/handle/123456789/2113</a>
Holdings
Withdrawn status Lost status Damaged status Not for loan Home library Current library Date acquired Total Checkouts Barcode Date last seen Price effective from Koha item type
        . . 09.02.2026   LLM1044 09.02.2026 09.02.2026 Dissertation